000 00441nam a2200169Ia 4500
999 _c272
_d272
003 OSt
005 20210901110633.0
008 190216s9999||||xx |||||||||||||| ||und||
040 _coclc
082 _a297
_bMAH/I
100 _aMahdi, Mahmood
_98742
245 0 _aIbn Trimiyya /
_cMahmood Mahdi
260 _bSultana Publishing House,
300 _a255p
650 _aArabic
942 _cBK
_2ddc
_h297
_iMAH/I
_k297
_mMAH/I